000 00420nam a22001457a 4500
003 MACL
005 20190522160034.0
008 190522b xxu||||| |||| 00| 0 eng d
040 _cMACL
100 _aभ्रमर रामकुमार
_944446
245 _aसात रंग सपने
260 _aदिल्‍ली
_bनेशनल
650 _aउपन्‍यास
_974918
942 _2ddc
_cHIN
999 _c59805
_d59805